000 00347nam a2200145 i 4500
001 bg
100 1 _aRZESZOT, K.
245 0 _aWskazówki do projektowania instalacji elektrycznych /
_cK. Rzeszot.
250 _aWyd.2.
260 _aKraków,
_c1990.
040 _cBPK
041 _apol
942 _cKS
008 s pl f |000 0 pol
999 _c4475
_d4475
856 _uhttp://koha.tu.koszalin.pl/cgi-bin/koha/opac-detail.pl?biblionumber=4475
_yKatalog online BPK